Food--Only in LEGO - Statistics

General Stats
  • This quiz has been taken 296 times
  • The average score is 16 of 16
Answer Stats
Picture Answer % Correct
Watermelon
100%
Apple
99%
Banana
99%
Burger
99%
Ice Cream
99%
Popcorn
99%
Cake
98%
Carrot
98%
Chocolate
98%
French Fries
98%
Pizza
98%
Sushi
98%
Donut
97%
Taco
97%
Cookies
96%
Pie
93%
No matching quizzes found
Score Distribution
Percent of People with Each Score
Percentile by Number Answered
Your Score History
You have not taken this quiz